| 000 | 02026nam0a2200421 4500 | ||
|---|---|---|---|
| 001 | RU\NLR\bibl\120969 | ||
| 005 | 20260419041047.0 | ||
| 010 |
_a5-02-032305-5 _9250 |
||
| 021 |
_aRU _b2000-28937 _91368 |
||
| 035 | _a(NLR Aleph) 000118466 | ||
| 090 |
_a674003 _c674003 |
||
| 100 | _a20001012d2000 |||y0rusy50 ca | ||
| 101 | 0 | _arus | |
| 102 | _aRU | ||
| 105 | _aa ||||||||| | ||
| 200 | 1 |
_aВоспитание специальной выносливости у юных высокорослых баскетболистов _fВ.К. Звездин _gОтв. ред. к.п.н., проф. Н.К. Шамаев _gМ-во образования Рос. Федерации, Якут. гос. ун-т им. М.К. Аммосова, Нерюнгр. техн. ин-т |
|
| 210 |
_aНовосибирск _cНаука. Сиб. изд. фирма РАН _d2000 |
||
| 215 |
_a116,[3] с. _cил. _d22 |
||
| 320 | _aБиблиогр. в конце кн. | ||
| 606 | 0 |
_aБаскетбол _xТренировка детей и подростков _91099679 _3RU\NLR\AUTH\66113299 |
|
| 606 | 1 |
_aВыносливость _xВоспитание у спортсменов _91358152 _3RU\NLR\AUTH\66253426 |
|
| 606 |
_aСпортсмены _xВыносливость _xВоспитание _xВоспитание выносливости _3RU\NLR\AUTH\6601607391 _92308035 |
||
| 610 | 0 | _aВыносливость у спортсменов - Воспитание | |
| 610 | 0 | _aБаскетболисты - Тренировка | |
| 610 | 0 | _aСпортивная тренировка детей и подростков | |
| 675 |
_a796.323.2.012.124-053.6 _v3 _zrus |
||
| 686 |
_a77 _2rugasnti |
||
| 686 | 1 | _aЧ511.485.3 | |
| 686 | 1 | _aЧ515.661.521 | |
| 700 | 1 |
_aЗвездин _gВиктор Константинович _4070 |
|
| 801 | 0 |
_aRU _bRKP _c20001012 _gPSBO |
|
| 801 | 1 |
_aRU _bRKP _c20001012 |
|
| 801 | 2 |
_aRU _bNLR _c20010111 _grcr |
|
| 852 |
_aNLR _j2000-5/4072 |
||
| 942 | _cBOOK | ||
| 980 | _aNB | ||